Particle acceleration mechanisms in astrophysics, La Jolla Institute-1979 / (Record no. 3498)

MARC details
000 -LEADER
fixed length control field 01195nac a22003011i 4500
003 - CONTROL NUMBER IDENTIFIER
control field EG-ScBUE
005 - DATE AND TIME OF LATEST TRANSACTION
control field 20250601092229.0
008 - FIXED-LENGTH DATA ELEMENTS--GENERAL INFORMATION
fixed length control field 250312s1979 nyua f b 100 0 eng d
020 ## - INTERNATIONAL STANDARD BOOK NUMBER
International Standard Book Number 088318155X
040 ## - CATALOGING SOURCE
Original cataloging agency EG-ScBUE
Language of cataloging eng
Description conventions rda
Transcribing agency EG-ScBUE
Modifying agency EG-ScBUE
082 04 - DEWEY DECIMAL CLASSIFICATION NUMBER
Classification number 523.112
Item number PAR
Edition number 22
245 00 - TITLE STATEMENT
Title Particle acceleration mechanisms in astrophysics, La Jolla Institute-1979 /
Statement of responsibility, etc editors, Jon Arons and Christopher McKee, University of California at Berkeley, Claire Max, Lawrence Livermore Laboratory.
264 #1 - PUBLICATION, DISTRIBUTION, ETC. (IMPRINT)
Place of publication, distribution, etc New York :
Name of publisher, distributor, etc American Institute of Physics,
Date of publication, distribution, etc 1979.
300 ## - PHYSICAL DESCRIPTION
Extent viii, 433 pages :
Other physical details illustrations ;
Dimensions 25 cm.
336 ## - CONTENT TYPE
Source rdacontent
Content type term text
Content type code txt
337 ## - MEDIA TYPE
Media type term unmediated
Source rdamedia
Media type code n
338 ## - CARRIER TYPE
Carrier type term volume
Carrier type code nc
Source rdacarrier
490 0# - SERIES STATEMENT
Series statement AIP conference proceedings ;
Volume number/sequential designation number 56
504 ## - BIBLIOGRAPHY, ETC. NOTE
Bibliography, etc Includes bibliographical references.
650 #7 - SUBJECT ADDED ENTRY--TOPICAL TERM
Topical term or geographic name as entry element Interstellar matter
General subdivision Congresses.
Source of heading or term BUEsh
650 #7 - SUBJECT ADDED ENTRY--TOPICAL TERM
Topical term or geographic name as entry element Particle acceleration
General subdivision Congresses.
Source of heading or term BUEsh
655 ## - INDEX TERM--GENRE/FORM
Form subdivision Reading book
700 1# - ADDED ENTRY--PERSONAL NAME
Personal name Max, Claire,
Titles and other words associated with a name 1946-
Relator term editor.
700 1# - ADDED ENTRY--PERSONAL NAME
Personal name Arons, Jon,
Relator term editor.
700 1# - ADDED ENTRY--PERSONAL NAME
Personal name McKee, Christopher,
Dates associated with a name 1942-
Relator term editor.
942 ## - ADDED ENTRY ELEMENTS (KOHA)
Koha item type Book - Borrowing
Source of classification or shelving scheme Dewey Decimal Classification
Holdings
Withdrawn status Lost status Source of classification or shelving scheme Damaged status Not for loan Collection code Home library Current library Shelving location Date acquired Source of acquisition Total Checkouts Full call number Barcode Date last seen Koha item type
    Dewey Decimal Classification     Baccah Central Library Central Library First floor 22/04/2007 Purchase   523.112 PAR 000030223 15/07/2025 Book - Borrowing